00699nam a2200205 4500010001300000020002500013035001300038037001600051040001200067082001300079245003800092250001200130260002900142270004400171300004100215500001900256500014100275650003800416650003900454 aB-316860 a9781857434514c00.00 aB-316860 aCen Lib/Ret aDPLbEN a050bEUR aThe Europa world year book 2008 / a49th ed aLondon bRoutledgec2008 aHarines House, 21 John Street bLondon  a2 v. ; (v 1. 2555 ; v 2. 2556-5036 ) aincludes index a2 v. ; v 1. International origination countries: Afghanistan- Jordan (available) ; v 2. Countries: Kazakhstan- Zimbabwe (available)  aSocial indicators -- Periodicals. aEconomic indicators -- Periodicals